000 00393nam a2200133Ia 4500
008 220217s9999||||xx |||||||||||||| ||und||
020 _a81-203-2029-8
082 _a004.67 WIL
100 _aWilfred, Ashish Daniel Gupta, Meeta and Bhatnagar, Kartik
_93619
245 0 _aPHP proffessional projects
260 _aPrentice hall of india
_bNew Delhi
_c2002
300 _b450
650 _aWWW
999 _c172286
_d172286